000 00615nam a2200205Ia 4500
005 20250508160417.0
008 008 250505s9999 xx 000 0 eng d
037 _aTextual
040 _aFEDL
_beng
_cFEDL
041 _aeng
_2eng
084 _a541, TAY
_qFEDL
100 _aTaylor Hugh S
_9768430
245 0 _aTreatise on physical chemistry: A co-operative effort by a group of physical chemists
250 _a3ed
260 _aPrinceton
_bD Van Nostrand Company
_c1952
300 _avii,679p.
700 _a Glasstone Samuel
_9768431
942 _cTEXL
_h541, TAY
999 _c1364445
_d1364445